• 首页
  • 本馆介绍
  • 公告通知
  • 最新文献
  • 馆藏检索
  • 电子资源
  • 读者导购
  • 参考咨询
  • 我的图书馆
  • 登录
  • 详细信息显示
  • 放入我的书架
  • 预约/预借图书
  • 作者相关作品
  • 分类相关作品
  • 丛书相关作品
  • 出版社相关作品

书目信息

  • 表格格式
  • 工作单格式
  • 卡片格式
题名:
汽车先进制造技术跟踪研究
    
 
作者: ;中国汽车工程学会 组编
分册: 2016  
出版信息: 北京   北京理工大学出版社有限责任公司  2016.10
页数: 518页
开本: 24cm
丛书名:
单 册:
中图分类: U466
科图分类:
主题词: 汽车--车辆制造--研究报告--2016
电子资源:
ISBN: 978-7-5682-3266-1
000 01117nam0 2200241 450
001 1333
005 20180929082621.12
010    @a978-7-5682-3266-1@b精装@dCNY268.00
100    @a20161213d2016 em y0chiy50 ea
101 0  @achi
102    @aCN@b110000
105    @aa z 000yy
200 1  @a汽车先进制造技术跟踪研究@9qi che xian jin zhi zao ji shu gen zong yan jiu@h2016@dTrace research on advanced automobile manufacturing technology@h2016@f中国汽车工程学会组编@zeng
210    @a北京@c北京理工大学出版社有限责任公司@d2016.10
215    @a518页@c图@d24cm
300    @a中国汽车工程学会 汽车工程图书出版专家委员会推荐出版
330    @a本书主要内容由新能源汽车及轻量化技术、精密制造及检测技术、先进制造工艺及装备三大部分组成,以“汽车制造技术”为主题,侧重以装备制造企业角度对当前汽车零部件加工最新技术展开论述。
510 1  @aTrace research on advanced automobile manufacturing technology@h2016@zeng
606 0  @a汽车@x车辆制造@x研究报告@z2016
690    @aU466@v5
711 02 @a中国汽车工程学会@9zhong guo qi che gong cheng xue hui@4组编
801  0 @aCN@b91MARC@c20161213
905    @aMuseLib@dU466@e732(2016)
    
    汽车先进制造技术跟踪研究.2016=Trace research on advanced automobile manufacturing technology.2016/中国汽车工程学会组编.-北京:北京理工大学出版社有限责任公司,2016.10
    518页:图;24cm
    中国汽车工程学会 汽车工程图书出版专家委员会推荐出版
    
    ISBN 978-7-5682-3266-1(精装):CNY268.00
    本书主要内容由新能源汽车及轻量化技术、精密制造及检测技术、先进制造工艺及装备三大部分组成,以“汽车制造技术”为主题,侧重以装备制造企业角度对当前汽车零部件加工最新技术展开论述。
●
相关链接 在E读中查询图书 在五车中查询图书 在当当中查询图书 在豆瓣中查询图书


正题名:汽车先进制造技术跟踪研究     索取号:U466/732(2016)         预约/预借

序号 登录号 条形码 馆藏地/架位号 状态 备注
1 1122141   211221417   第二样本阅览室/ [索取号:U466/732(2016)] 在馆    
2 1122142   211221426   密集书库-物理学院/ [索取号:U466/732(2016)] 在馆    
唐山师范学院图书馆 欢迎您!
大连网信软件有限公司© 版权所有